Cenová politika firmy v súčasnom konkurenčnom prostredí diplomová práca

Salvato in:
Dettagli Bibliografici
Autore principale: Illésová, Beáta
Ente Autore: Fakulta podnikového manažmentu EU. Katedra podnikovohospodárska
Altri autori: Fendeková, Eleonora, 1952-
Natura: Libro
Lingua:slovacco
Pubblicazione: Bratislava 2018
Tags: Aggiungi Tag
Nessun Tag, puoi essere il primo ad aggiungerne!!

MARC

LEADER 00000nbm a2200000 4500
001 0244791
005 20181004111658.6
041 0 |a slo 
044 |a SK 
245 1 0 |a Cenová politika firmy v súčasnom konkurenčnom prostredí  |b diplomová práca  |c Beáta Illésová ; školiteľ: Eleonora Fendeková 
264 1 |a Bratislava  |c 2018 
300 |a 75 s. 
100 1 |a Illésová, Beáta 
700 1 |a Fendeková, Eleonora, 1952- 
710 2 |a Fakulta podnikového manažmentu EU. Katedra podnikovohospodárska